| 000 | 00368cam a2200157ua 4500 | ||
|---|---|---|---|
| 041 |
_aeng _h |
||
| 082 |
_a370.9346 _bSIM/FI |
||
| 100 | _aSimmons, G E . | ||
| 245 |
_aField studies / _cG E Simmons. _hTextual Documents |
||
| 260 |
_a : _bRural education , _c1965. |
||
| 300 | _a107 ; . | ||
| 500 | _a**Reference | ||
| 504 | _a | ||
| 942 | _cBK | ||
| 999 |
_c4694 _d4694 |
||